000 00770nam a2200241 a 4500
001 BRCA_4869
005 20190320204834.0
008 041214s2004 sp-a######---f000-1#spa-#
020 _a9707700610
041 _aspa
044 _amx
050 4 _aPQ6323
_b.C47 2004
100 1 _aCervantes Saavedra, Miguel de
_d1547-1616
_9213
245 1 0 _aDon Quijote de la Mancha
_cMiguel de Cervantes Saavedra.
250 _aEd. del IV centenario.
260 _aMéxico
_bReal Academia Española : Santillana
_c2004
300 _aci, 1249 p.
_bil.
_c20 cm.
500 _aIncluye glosario
504 _aBibliografía: p. 1153-1155
600 1 4 _aCervantes Saavedra, Miguel de
_d1547-1616
_tEl Ingenioso Hidalgo Don Quijote de la Mancha
_912324
902 _aQAG
942 _2lcc
_cB
999 _c4563
_d4563